Plan B : Una revista que remeció la prensa chilena /

“La mirada aguda del autor sobre las diferentes fuentes requeridas, así como el dominio y conocimiento del contexto de la prensa independiente, le otorgan a esta investigación el ritmo y la intensidad propios de un trabajo de excelencia. Porque en estas páginas escritas con talento y rigor profesion...

Full description

Bibliographic Details
Main Author: Cabalin Quijada, Cristian
Format: Libro
Language:Spanish
Published: Santiago, Chile LOM 2007
Edition:1a. ed.
Series:Nuevo periodismo
Subjects:
Online Access:

MARC

LEADER 00000cam a2200000 a 4500
001 000651
003 UAHC_CL
005 20170803115644.0
008 080121s2007 cl 000 spa
020 |a 9789562829434 
040 |a UAHC_CL  |c UAHC_CL  |d UAHC_CL 
082 0 4 |a 079.83  |b C112  |2 21 
100 1 |a Cabalin Quijada, Cristian 
245 1 0 |a Plan B :  |b Una revista que remeció la prensa chilena /  |c Cristian Cabalin Quijada. 
250 |a 1a. ed. 
260 |b LOM  |a Santiago, Chile  |c 2007 
300 |a 77 p. 
490 0 |a Nuevo periodismo 
520 |a “La mirada aguda del autor sobre las diferentes fuentes requeridas, así como el dominio y conocimiento del contexto de la prensa independiente, le otorgan a esta investigación el ritmo y la intensidad propios de un trabajo de excelencia. Porque en estas páginas escritas con talento y rigor profesional s encuentra no solo la tragedia del periodismo independiente, sino además las veleidades de una transición política cuya deuda sigue estando en la falta de pluralismo de la prensa en Chile”.\Faride Zerán, Premio Nacional de Periodismo 2007 
650 4 |a MEDIOS DE COMUNICACION DE MASAS  |x HISTORIA 
650 4 |a PUBLICACIONES PERIODICAS CHILENAS  |x HISTORIA 
653 |a PERIODISMO 
900 |a 079.83 CAB 
942 |c BK 
952 |0 0  |1 0  |4 0  |6 079_830000000000000_CAB  |7 0  |8 General  |9 1162  |a BC  |b BC  |c General  |d 2017-08-03  |l 0  |o 079.83 CAB  |p 1362210  |r 2026-01-07 00:00:00  |t 1  |w 2017-08-03  |y BK 
952 |0 0  |1 0  |4 0  |6 079_830000000000000_CAB  |7 0  |8 General  |9 1163  |a BC  |b BC  |c General  |d 2017-08-03  |l 0  |o 079.83 CAB  |p 1362211  |r 2026-01-07 00:00:00  |t 2  |w 2017-08-03  |y BK 
999 |c 651  |d 651